书目信息 |
| 题名: |
生态学家面临的挑战
|
|
| 作者: | 陈吉泉 , 李博 , 马志军 主编 | |
| 分册: | ||
| 出版信息: | 北京 高等教育出版社 2005.07 |
|
| 页数: | 244页 | |
| 开本: | 26cm | |
| 丛书名: | ||
| 单 册: | ||
| 中图分类: | Q14 | |
| 科图分类: | ||
| 主题词: | 生态学--sheng tai xue--高等学校--教材 | |
| 电子资源: | ||
| ISBN: | 7-04-017851-6 | |
| 000 | 01162nam0 2200313 450 | |
| 001 | 012006342821 | |
| 005 | 20060911153505.75 | |
| 010 | @a7-04-017851-6@dCNY35.00 | |
| 100 | @a20060809d2005 km y0chiy0120 ea | |
| 101 | 0 | @achi |
| 102 | @aCN@b110000 | |
| 105 | @aa a 001yy | |
| 200 | 1 | @a生态学家面临的挑战@Asheng tai xue jia mian lin de tiao zhan@e问题与途径@f陈吉泉 … [等] 主编@Fchen ji quan…[deng]zhu bian |
| 210 | @a北京@c高等教育出版社@d2005.07 | |
| 215 | @a244页@c图@d26cm | |
| 300 | @a复旦大学欧美生态学家创新团队项目资助 | |
| 304 | @a题名页题: 陈吉泉, 李博, 马志军, 赵斌主编 | |
| 312 | @a英文并列题名取自封面 | |
| 320 | @a有书目和索引。 | |
| 330 | @a全书共10章,介绍了生态学家面临的问题与挑战,解决生态学中复杂问题的技术与方法,以及如何成为一名合格的生态学家。 | |
| 510 | 1 | @aChallenges facing ecologists@eQuestions and approaches@zeng |
| 517 | 1 | @a问题与途径@Awen ti yu tu jing |
| 606 | 0 | @a生态学@Asheng tai xue@x高等学校@j教材 |
| 690 | @aQ14@v4 | |
| 701 | 0 | @a陈吉泉@Achen ji quan@4主编 |
| 701 | 0 | @a李博@Ali bo@4主编 |
| 701 | 0 | @a马志军@Ama zhi jun@4主编 |
| 801 | 0 | @aCN@bQSSK@c20060911 |
| 905 | @b597761-63@dQ14@eC475 | |
| 生态学家面临的挑战:问题与途径/陈吉泉 … [等] 主编.-北京:高等教育出版社,2005.07 |
| 244页:图;26cm |
| 复旦大学欧美生态学家创新团队项目资助 |
| ISBN 7-04-017851-6:CNY35.00 |
| 全书共10章,介绍了生态学家面临的问题与挑战,解决生态学中复杂问题的技术与方法,以及如何成为一名合格的生态学家。 |
| ● |
| 相关链接 |
|
|
|
正题名:生态学家面临的挑战
索取号:Q14/C475
 
预约/预借
| 序号 | 登录号 | 条形码 | 馆藏地/架位号 | 状态 | 备注 |
| 1 | 597761 | 205977610 | 期刊室512/401自科库 25排2列5层/ [索取号:Q14/C475] | 在馆 | |
| 2 | 597762 | 205977629 | 期刊室512/401自科库 25排2列5层/ [索取号:Q14/C475] | 在馆 | |
| 3 | 597763 | 205977638 | 自科库401/401自科库 25排2列5层/ [索取号:Q14/C475] | 在馆 |